00688nam a2200205Ia 450000500170000000800410001704100080005808200160006610000220008224500550010425000110015926000310017030000090020150000280021065000360023870000220027494200070029699900170030395201620032020230419154045.0230125s9999 xx 000 0 und d aeng a920.71bSHA aShastri K9116689 aKarunya RushibAkatmamanavdarshan- eak punarvachan aEd.2nd bVivaswan PrakashanaNagpur a340p aBiography;Biography-Men aBiography;Biography-Men9119155 aShastri K9116689 cDB c94372d94372 00104070aHIMRbHIMRd2016-12-16eDonated Book- Outside Donarg350.00o920.71 SHA DB2734pHIMR-DB-2734r2023-01-25 00:00:00v350.00w2023-01-25yDBzDB2734